El octavo Congreso Internacional de Higiene y de Demografía (Budapest, 1894) (Record no. 160006)
[ view plain ]
| 000 -LEADER | |
|---|---|
| campo de control de longitud fija | 00953nam a2200205 i 4500 |
| 001 - NÚMERO DE CONTROL | |
| campo de control | 160006 |
| 003 - IDENTIFICADOR DE NÚMERO DE CONTROL | |
| campo de control | ES-MaACL |
| 005 - FECHA Y HORA DE LA ÚLTIMA TRANSACCIÓN | |
| campo de control | 20250716063317.0 |
| 008 - DATOS DE LONGITUD FIJA--INFORMACIÓN GENERAL | |
| campo de control de longitud fija | 990423s1895 sp |||| | spa d |
| 100 1# - ENTRADA PRINCIPAL--NOMBRE DE PERSONA | |
| Nombre de persona | Montaldo y Peró, Federico, |
| Fechas asociadas al nombre | 1859-1912 |
| 9 (RLIN) | 82342 |
| 245 13 - MENCIÓN DEL TÍTULO | |
| Título | El octavo Congreso Internacional de Higiene y de Demografía (Budapest, 1894) |
| Resto del título | : notas y observaciones / |
| Mención de responsabilidad, etc. | recogidas por Federico Montaldo y Peró. |
| 260 ## - PUBLICACIÓN, DISTRIBUCIÓN, ETC. | |
| Lugar de publicación, distribución, etc. | Madrid : |
| Nombre del editor, distribuidor, etc. | [s.n.], |
| Fecha de publicación, distribución, etc. | 1895 ( |
| Fabricante | Imp. de Ricardo Rojas) |
| 300 ## - DESCRIPCIÓN FÍSICA | |
| Extensión | 80 p. ; |
| Dimensiones | 23 cm. |
| 510 4# - NOTA DE CITAS O REFERENCIAS BIBLIOGRÁFICAS | |
| Nombre de la fuente | Palau, |
| Localización dentro de la fuente | t. X, 177242 |
| 611 24 - PUNTO DE ACCESO ADICIONAL DE MATERIA--NOMBRE DE REUNIÓN/CONGRESO | |
| Nombre de congreso/reunión o jurisdicción como elemento de entrada | Congreso Internacional de Higiene y Demografía ( |
| Número del congreso/reunión o número de parte o sección | 8º. |
| Fecha del congreso o de la firma del tratado | 1894. |
| Sede del congreso/Lugar de la reunión | Budapest) |
| 9 (RLIN) | 162761 |
| 650 #4 - PUNTO DE ACCESO ADICIONAL DE MATERIA--TÉRMINO DE MATERIA | |
| Término de materia o nombre geográfico como elemento de entrada | Higiene- |
| Subdivisión de forma | Congresos y asambleas. |
| 9 (RLIN) | 161772 |
| 650 #4 - PUNTO DE ACCESO ADICIONAL DE MATERIA--TÉRMINO DE MATERIA | |
| Término de materia o nombre geográfico como elemento de entrada | Demografía- |
| Subdivisión de forma | Congresos y asambleas. |
| 9 (RLIN) | 161771 |
| 852 ## - LOCALIZACIÓN | |
| Ubicación | ES-MaACL |
| Número de control de estantería | T-854-F-7 |
| Nota libre | - Enc. hol., conservando cub. original |
| -- | - Dedicatoria autógrafa del autor |
| -- | - Enc. en un vol. facticio |
| Estatus retirado | Estado de pérdida | Estado de daño | No para préstamo | Colección | Biblioteca de origen | Biblioteca actual | Ubicación en estantería | Fecha de adquisición | Total de préstamos | Signatura topográfica completa | Código de barras | Visto por última vez | Precio de reemplazo | Tipo de ítem Koha |
|---|---|---|---|---|---|---|---|---|---|---|---|---|---|---|
| Colección de folletos | Biblioteca del Ateneo de Madrid | Biblioteca del Ateneo de Madrid | Depósito folletos | 17/01/2008 | T-854-F-7 | 1167512 | 23/02/2023 | 23/02/2023 | Folleto |
